Najpopularniejsze dinozaury - Statystyki

Ogólne statystyki
  • Ten quiz został rozwiązany 635 razy
  • Średni wynik to 3 z 5
Statystyki odpowiedzi
Odpowiedź % Poprawnych
Tyranozaur
95%
Triceratops
83%
Stegozaur
63%
Diplodok
59%
Spinozaur
49%
Nie znaleziono quizów pasujących do podanych kryteriów
Rozkład punktacji
Procent ludzi z każdym wynikiem
Percentyl według liczby udzielonych odpowiedzi
Twoja historia wyników
Nie rozwiązałeś tego quizu